| 000 | 00372nam a2200145Ia 4500 | ||
|---|---|---|---|
| 008 | 150128s9999 xx 000 0 und d | ||
| 020 | _a1853044164 | ||
| 050 |
_aCLA _bSp9h 1992 |
||
| 100 | _aSpyri, Johanna. | ||
| 245 | _aHeidi / | ||
| 250 | _aJohanna Spyri. | ||
| 260 |
_aGreat Britain: _bRavette Books, _c1992. |
||
| 300 |
_a341 pages : _c18 cm. |
||
| 650 | _xFiction. | ||
| 999 |
_c278898 _d278898 |
||